Statistics for Metropolitan Melbourne Train Station Suburbs

Click here to take the quiz!

General Stats

  • This quiz has been taken 39 times
  • The average score is 184 of 226

Answer Stats

HintAnswer% Correct
Anzac | Flagstaff | Flinders Street | +3 othersMelbourne
97%
Arden | Flemington Bridge | MacaulayNorth Melbourne
93%
OfficerOfficer
93%
East Richmond | North Richmond | Richmond | West RichmondRichmond
93%
Blackburn | LaburnumBlackburn
90%
Camberwell | East Camberwell | Hartwell | +2 othersCamberwell
90%
DandenongDandenong
90%
Frankston | LeawarraFrankston
90%
HallamHallam
90%
LilydaleLilydale
90%
Malvern | ToorongaMalvern
90%
Jordanville | Mount WaverleyMount Waverley
90%
Noble Park | YarramanNoble Park
90%
Huntingdale | OakleighOakleigh
90%
Cardinia Road | PakenhamPakenham
90%
Regent | Reservoir | RuthvenReservoir
90%
RingwoodRingwood
90%
Chatham | Surrey HillsSurrey Hills
90%
Keon Park | ThomastownThomastown
90%
BayswaterBayswater
86%
BelgraveBelgrave
86%
BerwickBerwick
86%
Brighton Beach | Gardenvale | Middle Brighton | North BrightonBrighton
86%
BurnleyBurnley
86%
CanterburyCanterbury
86%
ClaytonClayton
86%
Coburg | MorelandCoburg
86%
CraigieburnCraigieburn
86%
CranbourneCranbourne
86%
CroydonCroydon
86%
ElthamEltham
86%
FairfieldFairfield
86%
Flemington Racecourse | Newmarket | ShowgroundsFlemington
86%
Burwood | Gardiner | Glen IrisGlen Iris
86%
Glenroy | Gowrie | JacanaGlenroy
86%
Glen Waverley | SyndalGlen Waverley
86%
GreensboroughGreensborough
86%
HamptonHampton
86%
Glenferrie | HawthornHawthorn
86%
Darebin | IvanhoeIvanhoe
86%
KensingtonKensington
86%
MentoneMentone
86%
MerndaMernda
86%
MordiallocMordialloc
86%
NewportNewport
86%
Croxton | Dennis | Merri | +2 othersNorthcote
86%
Bell | PrestonPreston
86%
Ringwood EastRingwood East
86%
SandringhamSandringham
86%
Kananook | SeafordSeaford
86%
Hawksburn | South YarraSouth Yarra
86%
SpotswoodSpotswood
86%
Ginifer | Keilor Plains | St AlbansSt Albans
86%
SunburySunbury
86%
TecomaTecoma
86%
North Williamstown | Williamstown | Williamstown BeachWilliamstown
86%
Armadale | ToorakArmadale
83%
Alamein | AshburtonAshburton
83%
BoroniaBoronia
83%
Box HillBox Hill
83%
Anstey | Brunswick | JewellBrunswick
83%
CarnegieCarnegie
83%
ChelseaChelsea
83%
Coolaroo | UpfieldCoolaroo
83%
Diamond CreekDiamond Creek
83%
Southern CrossDocklands
83%
ElsternwickElsternwick
83%
EppingEpping
83%
Essendon | Glenbervie | StrathmoreEssendon
83%
Ferntree GullyFerntree Gully
83%
Footscray | Middle FootscrayFootscray
83%
LalorLalor
83%
MacleodMacleod
83%
McKinnonMcKinnon
83%
Heatherdale | MitchamMitcham
83%
Mont AlbertMont Albert
83%
MooroolbarkMooroolbark
83%
MurrumbeenaMurrumbeena
83%
Narre WarrenNarre Warren
83%
NunawadingNunawading
83%
Oak ParkOak Park
83%
OrmondOrmond
83%
Pascoe ValePascoe Vale
83%
PrahranPrahran
83%
SeddonSeddon
83%
SunshineSunshine
83%
HeyingtonToorak
83%
UpweyUpwey
83%
Altona | WestonaAltona
79%
Ascot ValeAscot Vale
79%
AspendaleAspendale
79%
Bentleigh | PattersonBentleigh
79%
BonbeachBonbeach
79%
BroadmeadowsBroadmeadows
79%
CarrumCarrum
79%
Clifton HillClifton Hill
79%
EdithvaleEdithvale
79%
HastingsHastings
79%
HeidelbergHeidelberg
79%
Hoppers CrossingHoppers Crossing
79%
HurstbridgeHurstbridge
79%
KooyongKooyong
79%
Aircraft | LavertonLaverton
79%
LynbrookLynbrook
79%
MoorabbinMoorabbin
79%
Parkville | Royal ParkParkville
79%
RipponleaRipponlea
79%
RosannaRosanna
79%
Hawkstowe | Middle Gorge | South MorangSouth Morang
79%
ThornburyThornbury
79%
Upper Ferntree GullyUpper Ferntree Gully
79%
WatsoniaWatsonia
79%
WerribeeWerribee
79%
Tottenham | West FootscrayWest Footscray
79%
YarravilleYarraville
79%
AlbionAlbion
76%
AlphingtonAlphington
76%
BalaclavaBalaclava
76%
BaxterBaxter
76%
EaglemontEaglemont
76%
HeathmontHeathmont
76%
MontmorencyMontmorency
76%
ParkdaleParkdale
76%
Roxburgh ParkRoxburgh Park
76%
SeaholmeSeaholme
76%
SomervilleSomerville
76%
Sandown Park | SpringvaleSpringvale
76%
TyabbTyabb
76%
Wattle GlenWattle Glen
76%
Williams LandingWilliams Landing
76%
WindsorWindsor
76%
Cheltenham | SouthlandCheltenham
72%
Jolimont | ParliamentEast Melbourne
72%
HughesdaleHughesdale
72%
Moonee PondsMoonee Ponds
72%
Collingwood | Victoria ParkAbbotsford
69%
BitternBittern
69%
Diggers RestDiggers Rest
69%
HighettHighett
69%
Crib Point | Morradoo | Stony PointCrib Point
66%
North Melbourne | South KensingtonWest Melbourne
66%
CaulfieldCaulfield East
62%
GlenhuntlyCaulfield South
59%
AuburnHawthorn East
59%
Batman | MerlynstonCoburg North
55%
Darling | East Malvern | HolmesglenMalvern East
55%
WestallClayton South
45%
RushallFitzroy North
45%
FawknerHadfield
45%
Merinda ParkCranbourne North
41%
WatergardensTaylors Lakes
31%

Score Distribution

Percentile by Number Answered

Percent of People with Each Score

Your Score History

You have not taken this quiz